"Lalka" Bolesława Prusa - quiz wielokrotnego wyboru - Statystyki

Ogólne statystyki
  • Ten quiz został rozwiązany 1 390 razy
  • Średni wynik to 11 z 17
Statystyki odpowiedzi
Zagadnienie Odpowiedź % Poprawnych
Nad jakim wynalazkiem pracował Geist? metal lżejszy od powietrza
91%
Jakiego języka uczył się Wokulski? angielskiego
90%
Do ostatecznego zerwania Wokulskiego z Izabelą doszło podczas podróży: pociągiem
87%
Które miejsce zajęła w wyścigu klacz kupiona przez Wokulskiego? 1
79%
Gdzie Wokulski poznał Geista? w Paryżu
78%
Kto odkupił sklep od Wokulskiego? Szlangbaum
73%
Z kim pojedynkował się Wokulski? z Krzeszowskim
68%
Ignacy Rzecki był weteranem: Wiosny Ludów na Węgrzech
64%
Jaka bliska osoba umarła baronowej Krzeszowskiej? córka
61%
W jakim zakonie żeńskim uczyła się krawiectwa przyszła żona Węgiełka? magdalenki
61%
Kto nie mieszkał w kamienicy kupionej przez Wokulskiego? doktor Szuman
59%
Ignacy Rzecki miał psa o imieniu Ir. Jakiej rasy? pudel
59%
Jaka łacińska sentencja znajdowała się w liście, który Rzecki dostał przed śmiercią od Węgiełka? Non omnis moriar
58%
Jak nazywali się studenci uprzykrzający życie baronowej Krzeszowskiej? Maleski i Patkiewicz
44%
Co znajdowało się na parterze tej kamienicy? pralnia
44%
Z kim ożenił się baron Dalski? z Eweliną Janocką
42%
Kim była pani Misiewiczowa dla Heleny Stawskiej? matką
36%
Nie znaleziono quizów pasujących do podanych kryteriów
Rozkład punktacji
Procent ludzi z każdym wynikiem
Percentyl według liczby udzielonych odpowiedzi
Twoja historia wyników
Nie rozwiązałeś tego quizu